Responses for Show #8663 - Wednesday, June 15, 2022

Megan Wachspress game 2.

Contestants

[<< previous game]

Peggy Gibbons, a legal editor from Toronto, Ontario, Canada

Gregory Scruggs, a journalist from Seattle, Washington

Megan Wachspress, an attorney from Berkeley, California (whose 1-day cash winnings total $17,201)

[next game >>]

Jeopardy! Round responses

MILWAUKEE: NEWS CLUES
(Mayim: Clues presented by the CBS58 news team.)
BODY PARTS IN LATIN
STICKS & STONES
THE BRADY BUNCH
COACH & HORSES
WE'RE FULL!
    $200 1
Harley-Davidson

Megan
    $200 16
nose

Megan
    $200 11
an emerald

Megan
    $200 6
Tom Brady

Peggy
    $200 23
the Denver Broncos

Megan
    $200 18
cup

Peggy
    $400 2
(Megan: Who is Wilt Chamberlain?)

Kareem Abdul-Jabbar

MeganGregory
    $400 17
lungs

Gregory
    $400 12
(Peggy: What is walk softly?)

speak softly

MeganPeggy
    $400 7
savings & loans

Megan
    $400 24
the (Indiana) Pacers

Peggy
    $400 21
sardines

Gregory
    $600 3
Dungeons & Dragons

Gregory
    $1,800 28
(Gregory: What are the... what is the esophagus?)

the arm

Gregory
    $600 13
a lacrosse stick

Gregory
    $600 8
Alaska

Peggy
    $600 25
the Four Horsemen

Peggy
    $600 20
standing room only

Gregory
    $800 4
Goethe

Gregory
    $800 29
the ear

Megan
    $800 14
curling

Megan
    $800 9
Mathew Brady

Peggy
    $800 26
Frankfort

Gregory
    $800 19
the rafters

Gregory
    $1000 5
(Gregory: Who is Eeno Sarnen?)
...
(Mayim: Thanks to the CBS58 news team for those clues.)

(Eero) Saarinen

GregoryPeggy
    $1000 30
(Gregory: What is the waist?)

the knee

GregoryPeggy
    $1000 15
the Stone of Scone

Peggy
    $1000 10
(Gregory: Who is Bill Brady?)
...
(Mayim: [To Megan] Or [**] in his public life.)

(James) Jim Brady

MeganGregory
    $1000 27
(Mayim: We've got less than a minute, close game.)

the Dallas Mavericks

Triple Stumper
    $1000 22
satiated (sated)

Megan

Scores at the first commercial break (after clue 15):

Megan Gregory Peggy
$2,600 $400 $3,200

Scores at the end of the Jeopardy! Round:

Megan Gregory Peggy
$4,800 $600 $5,400

Double Jeopardy! Round responses

THE 5th CENTURY
ON THE MAP OF AFRICA
ORPHANS IN BOOKS
STATE FLORA
TV MONSTERS
GETTING "W-R-M"
(Mayim: Each response begins with "W" followed by "R" and "M".)
    $400 11
St. Patrick

Gregory
    $400 1
Libya

Megan
    $400 23
Frodo Baggins

Megan
    $400 6
the palm

Triple Stumper
    $400 21
zombies

Triple Stumper
    $400 16
(Megan: What is... creamer?)

whipped cream

Megan
Triple Stumper
    $5,000 12
(Gregory: [Sighs] Who are the... Vandals?)

Visigoths

Gregory
    $800 2
Lagos

Peggy
    $800 24
(Megan: Who is Ramona Quimby?)
...
(Mayim: Less than a minute.)

Ramona

MeganGregory
    $3,000 7
the mayflower

Gregory
    $800 22
River Monsters

Triple Stumper
    $800 17
the war room

Megan
    $1200 13
the Talmud

Megan
    $1200 3
(the) Crocodile (River)

Megan
    $1200 29
[The end-of-round signal sounds.]

Jane Eyre

Megan
    $1200 8
lichen

Triple Stumper
    $1200 26
Rudolph the Red-Nosed Reindeer

Peggy
    $1200 18
wire-rimmed

Megan
    $1600 14
St. Augustine

Gregory
    $1600 4
the Red Sea

Gregory
    $1600 9
taro

Gregory
    $1600 27
Supernatural

Megan
    $1600 19
(Gregory: What is...)

wolfram

Gregory
Triple Stumper
    $2000 15
the Shaolin

Triple Stumper
    $2000 5
(Peggy: What is Juba?)

Khartoum

GregoryPeggy
    $2000 25
(Gregory: What is The World According to Garp?)

The Cider House Rules

Gregory
Triple Stumper
    $2000 10
a bristlecone

Triple Stumper
    $2000 28
Penny Dreadful

Triple Stumper
    $2000 20
(Gregory: What is a wor--wormhole?)

a waveform

Gregory
Triple Stumper

Scores at the end of the Double Jeopardy! Round:

Megan Gregory Peggy
$11,600 $1,000 $5,400
(lock game)

[wagering suggestions for these scores]

Final Jeopardy! Round responses

BRANDS
(Mayim: [To Megan] The Breakfast of Champions.)
GregoryWhat is Louisville Slugger?
$998
PeggyWhat is Adidas?
$1,000
MeganWhat is Wheaties?
$0
Wheaties

Final scores:

Megan Gregory Peggy
$11,600 $2 $4,400
2-day champion: $28,801 3rd place: $1,000 2nd place: $2,000

Game dynamics:

Coryat scores:

Megan Gregory Peggy
$11,600 $5,600 $5,400
18 R,
3 W
16 R
(including 1 DD),
8 W
(including 2 DDs)
11 R,
2 W

Combined Coryat: $22,600

[game clues] [game scores] [suggest correction]

Game tape date: 2022-04-20
The J! Archive is created by fans, for fans. Scraping, republication, monetization, and malicious use prohibited; this site may use cookies and collect identifying information. See terms. The Jeopardy! game show and all elements thereof, including but not limited to copyright and trademark thereto, are the property of Jeopardy Productions, Inc. and are protected under law. This website is not affiliated with, sponsored by, or operated by Jeopardy Productions, Inc. Join the discussion at JBoard.tv.